000 00321nam a22001337a 4500
008 230620b xxu||||| |||| 00| 0 eng d
020 _a9231018426
082 _a306.42
_bUNESCO 1981
110 _bUNESCO
245 _aDomination or Sharing?
260 _aFrance
_bUnited Nations
_c1981
300 _a288p
942 _2ddc
_cBK
999 _c1488
_d1488